Normal view
MARC view
- Parthasarathy N.S. & Murali V
Entry Personal Name
001 - CONTROL NUMBER
- control field: 199804
003 - CONTROL NUMBER IDENTIFIER
- control field: OSt
005 - DATE AND TIME OF LATEST TRANSACTION
- control field: 20230714215802.0
008 - FIXED-LENGTH DATA ELEMENTS
- fixed length control field: 230714|| aca||aabn | a|a d
040 ## - CATALOGING SOURCE
- Original cataloging agency: OSt
- Transcribing agency: OSt
100 ## - HEADING--PERSONAL NAME
- Personal name: Parthasarathy N.S. & Murali V
670 ## - SOURCE DATA FOUND
- Source citation: Work cat.: (OSt)219554: Parthasarathy N.S. 199803, Engineering Drawing, 2016